00421nam a2200145Ia 4500003000400000008004100004040001600045082001700061100003700078245007800115490000500193650002200198650001900220650003600239GCL140319s9999 xx 000 0 ara d aGCL / cGCL04a312.3bف ع1 aفؤاد البهى السيد10aعلم النفس الاحصائى / cفؤاد البهى السيد a04aعلم النفس04aالاحصاء04aالطرق الاحصائية